Which City is Older? #2 - Statistics

General Stats
  • This quiz has been taken 93 times
  • The average score is 10 of 15
Answer Stats
Question Answer % Correct
Germany Cologne
100%
Egypt Luxor
100%
France Marseille
100%
India Agra
71%
Iraq Basra
71%
Colombia Cartagena
71%
Croatia Split
71%
Peru Trujillo
71%
Tanzania Zanzibar City
71%
Belize Belize City
57%
South Africa Cape Town
57%
Sweden Malmö
57%
The Bahamas Nassau
43%
Japan Osaka
29%
New Zealand Wellington
29%
No matching quizzes found
Score Distribution
Percent of People with Each Score
Percentile by Number Answered
Your Score History
You have not taken this quiz